000 00635nam a2200241Ia 4500
003 OSt
005 20220918223126.0
006 a|||||r|||| 00| 0
007 ta
008 220917b |||||||| |||| 00| 0 eng d
024 _a220,535
037 _cTextual
040 _aARTS
_cARTS
_beng
041 _2eng
_aeng
082 _aR:(S:3), P2
100 _aSearle John R.
_915021
245 0 _aConsciousness and language
260 _aCambridge
_bCombridge University Press
_c2002
300 _avii, 269p.
_ccm.
650 _aPHILOSOPHY
942 _hR:(S:3), P2
_cTEXL
_2CC
999 _c277551
_d277551